000
00295nam a2200121Ia 4500
008
191201s2011 xx 000 0 und d
100
_a
IYENGAR N.CH.S.N
245
0
_a
Differential Equation M.SC.(P) Math
260
_a
N. delhi
_b
Vikas Pub
_c
2011
300
_a
179
650
_a
MCA
942
_2
ddc
_c
BK
999
_c
245
_d
245